000 00733cab a2200241 4500
001 ABS59906
008 090401t1999 xxu||||| |||| 00| 0 eng d
035 _a(Sirsi) u90754
041 _aeng
100 _aBaillieu, Amanda
245 _aBuilding study: cinema paradiso
260 _c1999
350 _a0
490 _aRIBA Journal
_v106(1) January 1999, 41-45(5)
520 _aAn analysis of the new Tricycle cinema in Kilburn, north London. Includes sections, axonometrics and a cost specification.
650 _aBUILT ENVIRONMENT-BUILDING COSTS
650 _aBUILDING PROJECTS
650 _aCINEMAS
650 _aLEISURE SECTOR
690 _aBUILDING AND CONSTRUCTION-PROJECTS
942 _n0
948 _c19/01/1999
999 _c57551
_d57551